000 00596nam a22001337a 4500
040 _cRUA
082 _aAGR HEN 2014 B432 Or.1
100 _aHENG NARIN ; ហេង ណារិន
245 _aEffect of different rates of urea fertilzer on celerycabbage , ឥទ្ធិពលនៃបរិមាណជីអ៊ុយរ៉េខុសៗគ្នាទៅលើដំណំាស្ពៃចង្កឹះ
260 _aPhnom Penh
_bRUA
_c2014
300 _axi ; 40p.
_bill.
_c29cm.
856 _uhttps://drive.google.com/file/d/1kkUjylUHEWKvlaOjryoPwqL4CexIitMb/view?usp=sharing
942 _cAGR
999 _c7049
_d7049